Data Structures and Algorithms in Python (Record no. 13234)

MARC details
000 -LEADER
fixed length control field 00384nam a22001577a 4500
003 - CONTROL NUMBER IDENTIFIER
control field OSt
008 - FIXED-LENGTH DATA ELEMENTS--GENERAL INFORMATION
fixed length control field 250403b |||||||| |||| 00| 0 eng d
020 ## - INTERNATIONAL STANDARD BOOK NUMBER
International Standard Book Number 9789360539641
082 ## - DEWEY DECIMAL CLASSIFICATION NUMBER
Classification number 005.133 DRD
100 ## - MAIN ENTRY--PERSONAL NAME
Personal name DROZDEK,Adam
245 ## - TITLE STATEMENT
Title Data Structures and Algorithms in Python
260 ## - PUBLICATION, DISTRIBUTION, ETC. (IMPRINT)
Place of publication, distribution, etc N. delhi
Name of publisher, distributor, etc Cengage Learning
Date of publication, distribution, etc 2024
300 ## - PHYSICAL DESCRIPTION
Extent 729
650 ## - SUBJECT ADDED ENTRY--TOPICAL TERM
Topical term or geographic name as entry element Python
942 ## - ADDED ENTRY ELEMENTS (KOHA)
Source of classification or shelving scheme Dewey Decimal Classification
Koha item type Text Books
Holdings
Withdrawn status Lost status Source of classification or shelving scheme Damaged status Not for loan Collection code Home library Current library Date acquired Source of acquisition Currency Cost, normal purchase price Bill Number Total Checkouts Full call number Acc. no. / Barcode Date last seen Actual Cost, discounted price Bill Date Koha item type Date last borrowed
    Dewey Decimal Classification     MCA PIET C-LIBRARY PIET C-LIBRARY 28/03/2025 Zaffa Books INR 800.00 ZBD0590   005.133 DRD 38969 03/04/2025 576.00 28/03/2025 Reference Books  
    Dewey Decimal Classification     MCA PIET C-LIBRARY PIET C-LIBRARY 28/03/2025 Zaffa Books INR 800.00 ZBD0590 1 005.133 DRD 38970 01/09/2025 576.00 28/03/2025 Text Books 29/08/2025
    Dewey Decimal Classification     MCA PIET C-LIBRARY PIET C-LIBRARY 28/03/2025 Zaffa Books INR 800.00 ZBD0590 1 005.133 DRD 38971 04/09/2025 576.00 28/03/2025 Text Books 29/08/2025
    Dewey Decimal Classification     MCA PIET C-LIBRARY PIET C-LIBRARY 28/03/2025 Zaffa Books INR 800.00 ZBD0590 1 005.133 DRD 38972 12/03/2026 576.00 28/03/2025 Text Books 17/02/2026
    Dewey Decimal Classification     MCA PIET C-LIBRARY PIET C-LIBRARY 28/03/2025 Zaffa Books INR 800.00 ZBD0590   005.133 DRD 38973 03/04/2025 576.00 28/03/2025 Text Books  

Design & Developed by: PIET Central Library
R70 Miles Stone Pattikalyana Samalkha Panipat 132102
mail ID :- [email protected], Phone No:- 0180-2569700 Ex.216